Hammering out the safety rules (Record no. 71219)

MARC details
000 -LEADER
fixed length control field 01136cam a2200229 4500
001 - CONTROL NUMBER
control field ABS65944
008 - FIXED-LENGTH DATA ELEMENTS--GENERAL INFORMATION
fixed length control field 020925n2002 000 0 eng u
035 ## - SYSTEM CONTROL NUMBER
System control number (Sirsi) u119837
100 ## - MAIN ENTRY--PERSONAL NAME
Personal name Perry, P
245 ## - TITLE STATEMENT
Title Hammering out the safety rules
260 ## - PUBLICATION, DISTRIBUTION, ETC.
Date of publication, distribution, etc. 2002
490 ## - SERIES STATEMENT
Series statement Facilities Management
Volume/sequential designation 9(11) August 2002, 18-19(2)
520 ## - SUMMARY, ETC.
Summary, etc. Looks at new guidance from the HSE on the Construction (Design and Management) Regulations 1994, which govern construction projects. These rules make it clear that the client is expected to take the lead on health and safety. Emphasises that facilities managers need to fully understand their duties under this revised "Managing health and safety in construction- CDM regulations 1994: Approved Code of Practice", which can be ordered on www.hsebooks.co.uk or t +44 (0)1787 881165
590 ## - LOCAL NOTE (RLIN)
Local note ABS
650 ## - SUBJECT ADDED ENTRY--TOPICAL TERM
Topical term or geographic name entry element CONSTRUCTION (DESIGN AND MANAGEMENT) REGULATIONS 1994
650 ## - SUBJECT ADDED ENTRY--TOPICAL TERM
Topical term or geographic name entry element CONSTRUCTION (DESIGN AND MANAGEMENT) REGULATIONS 1994
650 ## - SUBJECT ADDED ENTRY--TOPICAL TERM
Topical term or geographic name entry element HEALTH AND SAFETY EXECUTIVE
650 ## - SUBJECT ADDED ENTRY--TOPICAL TERM
Topical term or geographic name entry element HSE
650 ## - SUBJECT ADDED ENTRY--TOPICAL TERM
Topical term or geographic name entry element FACILITIES MANAGERS
690 ## - LOCAL SUBJECT ADDED ENTRY--TOPICAL TERM (OCLC, RLIN)
Topical term or geographic name as entry element Health and safety
9 (RLIN) 6244
942 ## - ADDED ENTRY ELEMENTS (KOHA)
Suppress in OPAC 0
Holdings
Withdrawn status Lost status Source of classification or shelving scheme Damaged status Not for loan Home library Current library Shelving location Date acquired Total Checkouts Full call number Barcode Date last seen Copy number Price effective from Koha item type
    Dewey Decimal Classification     London London Journal article 25/09/2002   ABS65944 119837-1001 06/08/2019 1 06/08/2019 Journal article